000 00241nam a22000857a 4500
008 241109b ||||| |||| 00| 0 eng d
100 _aBohne, Werner M
245 _aGerman Philatelic Society - 20th Anniversary
650 _aGerman Philatelic Society
999 _c3629
_d3629